000 00500nam a22001937a 4500
003 MPLRDC
005 20220104174925.0
008 210129b ||||| |||| 00| 0 eng d
020 _a983-00-1116-X
082 _a524.963 VIR
100 _aSAFUAN HJ.VIRDANI; HAFIZAH SALLEH
245 _aBAHASA MALAYU TINGKATAN 5
_c
250 _a初版
260 _a
_bPENERBITAN PELANGI SDN.BHD.
_c2005
300 _b
490 _aLATIHAN E-MASTERI
650 _a自修用书
942 _cBK
_o524.963 VIR
999 _c60105
_d60095